000 00793nam a2200241Ia 4500
003 OSt
005 20221005112426.0
006 a|||||r|||| 00| 0
007 ta
008 221004b |||||||| |||| 00| 0 pan d
024 _a14273
037 _bGift, 05/11/2014,
_cTextual
040 _aCRL
_cCRL
_bpan
041 _2pan
_apan
082 _aO153,1NSIx, Q3
100 _aਸਿੰਘ, ਚਰਨ
245 0 _aਸੰਤੁਲਨ ਤੇ ਪੱਥਰ ਦਾ ਸਖ਼ਰ
260 _aਚੰਡੀਗੜ
_bਪੰਜਾਬ ਬੁੱਕ ਸੈ੍ਵਟਰ ਭਾਰਤ
_c2013
300 _a104ਪੰ
_ccm.
650 _aਪੰਜਾਬੀ ਸਾਹਿਤ
942 _hO153,1NSIx, Q3
_cTEXL
_2cc
999 _c1024853
_d1024853